| 000 | 00479nam a22001337a 4500 | ||
|---|---|---|---|
| 020 | _a0-08-02334-9 | ||
| 082 | _a623-BRA SUR | ||
| 100 |
_aRODGERS, A L,FOWLER, I B R,COLLINS, T.K GARLAND _974681 |
||
| 245 | _aSURVEILLANCE AND TARGET ACQUISITION SYSTEMS | ||
| 260 |
_aUSA _bBRASSEY,S _c1983 |
||
| 300 | _aXV,217P | ||
| 650 |
_aMILITARY SURVEILLANCE EQUIPMENT AND SUPPLIES HANDBOOK MANUALS.ETC, TARGET ACQUISITION EQUIPMENT AND SUPPLIES HANDBOOK, MANUALS ETC _974682 |
||
| 942 | _cBK | ||
| 999 |
_c580188 _d580188 |
||